000 01444nam0a22003011 4500
001 rc\489549
005 20030616171414.1
035 _a(NLR Aleph) 005731648
090 _a7585288
_c7585288
100 _a20030616d1988 u |0rusy50 ca
101 0 _arus
102 _aRU
105 _ay |||||||||
200 1 _aАттестация и рационализация рабочих мест в розничной торговле продовольственными товарами
_fН.Д. Виноградский, д. э. н., Е.Н. Шканова, к. э. н.
210 _aМ.
_cЦНИИНТЭИ торговли
_d1988
215 _a56 с.
_d20
225 1 _aГосударственная торговля
_iСерия "Торговля"
_eОбзор. информ.
_fЦНИИ науч., техн. и экон. информ. в торговле и обществ. питании
_vВып. 3
225 1 _aВ помощь слушателям экономических семинаров
300 _aНа обл. авт. не указаны
300 _aВ надзаг. также: М-во торговли СССР
320 _aБиблиогр.: с. 55
700 1 _aВиноградский
_bН. Д.
_gНиколай Данилович
701 1 _aШканова
_bЕ. Н.
_gЕлена Николаевна
801 0 _aRU
_bNLR
_gpsbo
801 1 _aRU
_bELAR
_2rusmarc
852 _aNLR
_jП22/3526
942 _cBOOK
980 _aNB